3, 4, 5 or 6? - Statistics

General Stats
  • This quiz has been taken 14 times
  • The average score is 5 of 14
Answer Stats
Question Answer % Correct
How many sides does a isosceles trapezoid have? 4
71%
How many feet are there in a fathom? 6
71%
Novel by Jerome K. Jerome published in 1889 - a travel novel about a boat journey on the Thames. According to the book title, how many men were in the boat? 3
50%
What is the Atomic number of Carbon? 6
50%
When pregnant, a nine banded armadillo nearly always gives birth to how many identical babies? 4
43%
How many Oscars has Katharine Hepburn won in the category Best Actress? 4
43%
Leviticus is the __ book of the Old Testament 3rd
36%
How many funnels did the (famous) RMS Titanic have? 4
36%
How many times has Angela Merkel been elected Chancellor of Germany? 4
36%
How many toes do most cats normally have on each front paw (including the dew claw)? 5
36%
How many stars are on the New Zealand flag? 4
21%
In most major show jumping competitions, if a horse knocks a pole/rail when taking a jump, how many faults is it? 4
21%
Henry Fonda, Ginger Rogers and Clark Gable have each been married how many times? 5
14%
Which of these numbers is a perfect number (in number theory)? 6
7%
No matching quizzes found
Score Distribution
Percent of People with Each Score
Percentile by Number Answered
Your Score History
You have not taken this quiz